[Event "2BLO 2223 SC Garching - SC NT Nürnberg"]
[Site "?"]
[Date "2023.02.26"]
[Round "8.4"]
[White "Renner, Christoph"]
[Black "Mischustov, Michael"]
[Result "1-0"]
[WhiteElo "2303"]
[BlackElo "2313"]
[PlyCount "79"]
[EventDate "2023.??.??"]

1. e4 e6 2. d3 d5 3. Nd2 c5 4. g3 Nc6 5. Bg2 Nge7 6. Ngf3 b6 7. O-O g6 8. Re1 Bg7 9. c3 dxe4 10. dxe4 O-O 11. Nc4 Qxd1 12. Rxd1 Ba6 13. Bf1 Rfd8 14. Bf4 Rxd1 15. Rxd1 Rd8 16. Rxd8+ Nxd8 17. Nd6 Bxf1 18. Kxf1 Ndc6 19. Ke2 h6 20. h4 f6 21. g4 g5 22. Bg3 h5 23. gxh5 g4 24. Nh2 f5 25. exf5 exf5 26. f3 Be5 27. Bxe5 Nxe5 28. fxg4 fxg4 29. Kf2 Nd3+ 30. Kg3 Nxb2 31. Kxg4 Nd1 32. c4 Ne3+ 33. Kf4 Ng2+ 34. Kg3 Ne3 35. Kf4 Ng2+ 36. Kg5 Ne3 37. Nf3 Kh7 38. Ne5 a6 39. Nd7 b5 40. Nf6+ 1-0

[Event "2BLO 2223 SC Garching - SC NT Nürnberg"]
[Site "?"]
[Date "2023.02.26"]
[Round "8.5"]
[White "Kabatianski, Alexander"]
[Black "Bredl, Harald"]
[Result "1/2-1/2"]
[WhiteElo "2357"]
[BlackElo "2301"]
[PlyCount "76"]
[EventDate "2023.??.??"]

1. d4 d5 2. c4 e6 3. Nf3 Nf6 4. g3 Bb4+ 5. Bd2 Bd6 6. Bg2 c6 7. O-O O-O 8. b3 Ne4 9. Be3 Nd7 10. Nfd2 Nxd2 11. Nxd2 b6 12. Bf4 Bxf4 13. gxf4 Bb7 14. Rc1 Rc8 15. Qc2 Qe7 16. e3 Rfd8 17. Qb1 Nf6 18. c5 bxc5 19. Rxc5 Nd7 20. Rc3 c5 21. dxc5 Rxc5 22. Rxc5 Qxc5 23. Rc1 Qb6 24. Nf3 Rc8 25. Rxc8+ Bxc8 26. b4 Ba6 27. a4 Bc4 28. a5 Qa6 29. Nd4 g6 30. Qc2 e5 31. fxe5 Nxe5 32. Qa4 Qd6 33. b5 Ng4 34. Nf3 Qc5 35. Nd4 Qd6 36. Nf3 Qc5 37. Nd4 Qd6 38. Nf3 Qc5 1/2-1/2

[Event "2BLO 2223 SC Garching - SC NT Nürnberg"]
[Site "?"]
[Date "2023.02.26"]
[Round "8.6"]
[White "Koepke, Elena"]
[Black "Heimrath, Reiner"]
[Result "1/2-1/2"]
[WhiteElo "2246"]
[BlackElo "2169"]
[PlyCount "185"]
[EventDate "2023.??.??"]

1. e4 e5 2. Bc4 Qg5 3. Nf3 Qe7 4. O-O d6 5. d4 c6 6. a4 Bg4 7. c3 Nf6 8. Re1 h6 9. Nbd2 Nbd7 10. Nf1 g6 11. h3 Bxf3 12. Qxf3 Bg7 13. Ng3 O-O 14. Qd1 Rfe8 15. Bd2 Nf8 16. f4 Qd7 17. dxe5 dxe5 18. Qc1 exf4 19. Bxf4 Qe7 20. Kh1 Kh7 21. Qc2 Ne6 22. Be3 Nd7 23. Nf5 Qf8 24. Nxg7 Qxg7 25. Qb3 b6 26. Rad1 Ne5 27. Rf1 Kg8 28. Rd6 Rad8 29. Rxd8 Nxd8 30. Rd1 Ne6 31. a5 Ng5 32. axb6 axb6 33. Bxg5 hxg5 34. Qxb6 Qf6 35. Be2 g4 36. Rf1 Qh4 37. Qf2 Qxf2 38. Rxf2 g3 39. Rf1 Rd8 40. Rb1 Rd2 41. Bf1 Kf8 42. Kg1 Rc2 43. Ba6 Ke7 44. Kf1 Kf6 45. Be2 Rd2 46. Ke1 Rd8 47. b4 Kg5 48. b5 cxb5 49. Bxb5 Kf4 50. Ke2 Ra8 51. Kf1 Ra2 52. Re1 Rc2 53. Ba6 Rxc3 54. Kg1 Rb3 55. Kf1 Rb6 56. Be2 Rb4 57. Ba6 Rb2 58. Be2 g5 59. Kg1 Ng6 60. Rf1+ Ke3 61. Bf3 Nh4 62. e5 Rf2 63. Re1+ Kd2 64. Rd1+ Kc2 65. Ra1 Nxf3+ 66. gxf3 Kd3 67. Ra7 Rxf3 68. Kg2 Rf4 69. Kxg3 Ke4 70. Re7 Kd5 71. Re8 Re4 72. Re7 Rf4 73. Re8 Kc5 74. Rg8 Rf5 75. Kg4 Rxe5 76. Rxg5 f6 77. Rf5 Kd6 78. Rxf6+ Ke7 79. Rf4 Re1 80. h4 Rg1+ 81. Kh5 Rg8 82. Kh6 Rg1 83. h5 Rg2 84. Kh7 Rg3 85. h6 Rg2 86. Kh8 Rg3 87. Ra4 Kf7 88. Ra7+ Kf8 89. Kh7 Rg1 90. Rg7 Rf1 91. Rg5 Rf6 92. Rg4 Kf7 93. Rg7+ 1/2-1/2

[Event "2BLO 2223 SC Garching - SC NT Nürnberg"]
[Site "?"]
[Date "2023.02.26"]
[Round "8.7"]
[White "Braun, Michael"]
[Black "Schmitz, Thorsten"]
[Result "1/2-1/2"]
[WhiteElo "2101"]
[BlackElo "2258"]
[PlyCount "58"]
[EventDate "2023.??.??"]

1. d4 Nf6 2. c4 g6 3. g3 Bg7 4. Bg2 O-O 5. Nc3 d6 6. Nf3 c5 7. O-O Nc6 8. dxc5 dxc5 9. Be3 Qa5 10. h3 Be6 11. Nd2 Rfd8 12. Qa4 Qxa4 13. Nxa4 Nd7 14. Rac1 Rac8 15. Ne4 b6 16. Ng5 Nf8 17. Nxe6 Nxe6 18. Nc3 Ncd4 19. Rfd1 Kf8 20. Kf1 Nf5 21. Bd2 Rd7 22. Be1 Rcd8 23. Rxd7 Rxd7 24. b3 Nc7 25. Rd1 Rxd1 26. Nxd1 e6 27. e3 h5 28. Ke2 Ke7 29. Nc3 Nd6 1/2-1/2

[Event "2BLO 2223 SC Garching - SC NT Nürnberg"]
[Site "?"]
[Date "2023.02.26"]
[Round "8.8"]
[White "Schleich, Markus"]
[Black "Petrashov, Alexander"]
[Result "1/2-1/2"]
[WhiteElo "2235"]
[BlackElo "2036"]
[PlyCount "31"]
[EventDate "2023.??.??"]

1. e4 e6 2. d4 d5 3. Nd2 dxe4 4. Nxe4 Nd7 5. Nf3 Be7 6. g3 Ngf6 7. Nxf6+ Bxf6 8. Bg2 O-O 9. O-O e5 10. Re1 exd4 11. Nxd4 Ne5 12. c3 Bg4 13. f3 Bc8 14. f4 Nc4 15. Qd3 Nb6 16. Be4 1/2-1/2

[Event "2BLO 2223 SK Göggingen - Erfurter SK"]
[Site "?"]
[Date "2023.02.26"]
[Round "8.1"]
[White "Romanov, Evgeny"]
[Black "Postny, Evgeny"]
[Result "1/2-1/2"]
[WhiteElo "2601"]
[BlackElo "2551"]
[PlyCount "131"]
[EventDate "2023.??.??"]

1. c4 c6 2. d4 d5 3. cxd5 cxd5 4. Bg5 h6 5. Bf4 Nc6 6. e3 Nf6 7. Bd3 Bg4 8. Qb3 Na5 9. Qc2 Rc8 10. Nc3 Bd7 11. Nf3 e6 12. a3 Be7 13. Ne5 Nc6 14. Qe2 O-O 15. O-O a6 16. Rac1 Be8 17. Bb1 Nd7 18. Nxc6 Rxc6 19. e4 Bg5 20. exd5 exd5 21. Nxd5 Bxf4 22. Nxf4 Nf6 23. Ba2 Rxc1 24. Rxc1 Bb5 25. Qe3 Qd6 26. Qe5 Rd8 27. Qxd6 Rxd6 28. Rc8+ Ne8 29. d5 Kf8 30. b4 g5 31. Nh5 Ke7 32. Ng3 Bd3 33. f3 Nf6 34. Rc7+ Rd7 35. Rc5 Kd6 36. Kf2 Re7 37. Rc3 Bg6 38. Rc8 Re8 39. Rc1 Nd7 40. Bb1 Bxb1 41. Rxb1 Kxd5 42. Rd1+ Kc6 43. Nf5 Ne5 44. Rd6+ Kb5 45. Rxh6 Ka4 46. Rb6 Nd3+ 47. Kg3 Re2 48. Rxb7 Nf4 49. Kg4 Rxg2+ 50. Ng3 Rxh2 51. Ra7 Rg2 52. Rxa6+ Kb3 53. Rh6 Ne2 54. Rh3 Kxa3 55. b5 Nd4 56. b6 Rb2 57. Nf5 Nxf3 58. Nd6 Rb4+ 59. Kh5 g4 60. Rg3 f5 61. b7 Kb2 62. Rg2+ Kc3 63. Ra2 Kd3 64. Nxf5 Rxb7 65. Ra3+ Kd2 66. Kxg4 1/2-1/2

[Event "2BLO 2223 SK Göggingen - Erfurter SK"]
[Site "?"]
[Date "2023.02.26"]
[Round "8.2"]
[White "Braeuer, Franz"]
[Black "Votava, Jan"]
[Result "1/2-1/2"]
[WhiteElo "2446"]
[BlackElo "2479"]
[PlyCount "44"]
[EventDate "2023.??.??"]

1. e4 e5 2. Nf3 Nc6 3. d4 exd4 4. Nxd4 Nf6 5. Nxc6 bxc6 6. e5 Qe7 7. Qe2 Nd5 8. c4 Nb6 9. Nc3 Bb7 10. h4 Qe6 11. Bd2 Be7 12. O-O-O O-O 13. Qe4 d5 14. exd6 Qxe4 15. Nxe4 cxd6 16. Bg5 f6 17. Be3 d5 18. Nc5 Bc8 19. cxd5 cxd5 20. Bd3 Bg4 21. f3 Bh5 22. Kb1 Rfc8 1/2-1/2

[Event "2BLO 2223 SK Göggingen - Erfurter SK"]
[Site "?"]
[Date "2023.02.26"]
[Round "8.3"]
[White "Haba, Petr"]
[Black "Nestorovic, Nikola"]
[Result "1/2-1/2"]
[WhiteElo "2441"]
[BlackElo "2481"]
[PlyCount "59"]
[EventDate "2023.??.??"]

1. d4 Nf6 2. c4 g6 3. Nc3 Bg7 4. e4 d6 5. Nge2 O-O 6. Ng3 c5 7. d5 e6 8. Be2 exd5 9. cxd5 a6 10. a4 h5 11. Bg5 Qe8 12. Qd2 Nh7 13. Bh6 h4 14. Bxg7 Kxg7 15. Nf1 f5 16. exf5 Bxf5 17. Ne3 Nd7 18. O-O Ne5 19. f4 Nf7 20. Nxf5+ gxf5 21. Bd3 Nh6 22. Rae1 Qg6 23. Re6 Rf6 24. Rfe1 Raf8 25. h3 Ng8 26. Qf2 Qh5 27. Be2 Qh6 28. Bd3 Qh5 29. a5 R8f7 30. Rxf6 1/2-1/2

[Event "2BLO 2223 SK Göggingen - Erfurter SK"]
[Site "?"]
[Date "2023.02.26"]
[Round "8.4"]
[White "Rozentalis, Eduardas"]
[Black "Weishaeutel, Moritz"]
[Result "0-1"]
[WhiteElo "2506"]
[BlackElo "2427"]
[PlyCount "168"]
[EventDate "2023.??.??"]

1. e4 c5 2. Nf3 d6 3. Bb5+ Bd7 4. c4 Nf6 5. Nc3 g6 6. d4 cxd4 7. Bxd7+ Nbxd7 8. Nxd4 Bg7 9. O-O Qa5 10. Qe2 Rc8 11. Be3 Ne5 12. Rac1 Neg4 13. Bf4 O-O 14. h3 Ne5 15. b3 a6 16. Rfd1 Rfd8 17. Nd5 Nxd5 18. exd5 Re8 19. a4 Nd7 20. Ne6 Bf6 21. Bd2 Qb6 22. b4 Ne5 23. a5 Qa7 24. Be3 Qb8 25. Nf4 Qc7 26. Bb6 Qd7 27. c5 Qa4 28. c6 bxc6 29. dxc6 Bg5 30. Ra1 Qxc6 31. Nd5 Nc4 32. f4 e6 33. Nc7 Rxc7 34. Bxc7 Bxf4 35. Bb6 Nxb6 36. axb6 Qxb6+ 37. Kh1 Qxb4 38. Rxa6 Qb3 39. Rd3 Rc8 40. Ra1 Rc3 41. Rad1 Be5 42. Qf3 Rxd3 43. Rxd3 Qb1+ 44. Rd1 Qf5 45. Qe2 Qf4 46. g4 d5 47. Rf1 Qe4+ 48. Qxe4 dxe4 49. g5 Bg3 50. Rg1 Bf4 51. h4 h6 52. Rg4 hxg5 53. hxg5 e5 54. Kg2 Kf8 55. Kh3 Ke7 56. Rg1 Ke6 57. Kg4 Bd2 58. Rg3 e3 59. Kf3 e2 60. Kxe2 Bf4 61. Ra3 Bxg5 62. Ra7 f6 63. Ra4 Kf5 64. Kf3 Bf4 65. Rc4 g5 66. Ra4 g4+ 67. Kf2 e4 68. Ra5+ Be5 69. Ke3 g3 70. Ra4 Bf4+ 71. Ke2 Bg5 72. Kf1 Be3 73. Ra3 Kf4 74. Kg2 f5 75. Rb3 Bf2 76. Ra3 Kg4 77. Ra4 Bc5 78. Rc4 Bd6 79. Rc6 Bf4 80. Rc4 e3 81. Rc8 Bg5 82. Rc4+ f4 83. Ra4 e2 84. Re4 Bf6 0-1

[Event "2BLO 2223 SK Göggingen - Erfurter SK"]
[Site "?"]
[Date "2023.02.26"]
[Round "8.5"]
[White "Enders, Peter"]
[Black "Arnaudov, G. Petar"]
[Result "0-1"]
[WhiteElo "2412"]
[BlackElo "2450"]
[PlyCount "84"]
[EventDate "2023.??.??"]

1. e4 e5 2. Nf3 Nc6 3. Be2 Nf6 4. d3 d5 5. Nbd2 Bc5 6. O-O O-O 7. c3 a5 8. Nxe5 Nxe5 9. d4 Nxe4 10. Nxe4 dxe4 11. dxc5 Nd3 12. Be3 Nxb2 13. Qb3 Nd3 14. Rad1 Qe8 15. Bxd3 exd3 16. Rxd3 Be6 17. c4 Bf5 18. Rd5 Be4 19. Rg5 f6 20. Rg3 Qe5 21. Re1 Bc6 22. h3 Rfe8 23. Qa3 Qf5 24. Qc3 Kf7 25. Rd1 a4 26. Rd4 Qb1+ 27. Kh2 Re4 28. a3 Rae8 29. Rxe4 Rxe4 30. Rg4 Re7 31. Qd4 h5 32. Rg3 g5 33. Qc3 Kg6 34. f4 g4 35. hxg4 hxg4 36. Rxg4+ Kf5 37. Rg8 Ke6 38. Rg3 Rh7+ 39. Rh3 Rg7 40. Qd2 Rxg2+ 41. Qxg2 Bxg2 42. Kxg2 Kf5 0-1

[Event "2BLO 2223 SK Göggingen - Erfurter SK"]
[Site "?"]
[Date "2023.02.26"]
[Round "8.6"]
[White "Stankovic, Milos"]
[Black "Mueller, Matthias"]
[Result "1-0"]
[WhiteElo "2445"]
[BlackElo "2382"]
[PlyCount "65"]
[EventDate "2023.??.??"]

1. e4 e5 2. Nf3 Nc6 3. Nc3 Nf6 4. Bb5 Bb4 5. O-O O-O 6. Bxc6 dxc6 7. d3 Bg4 8. h3 Bh5 9. Kh2 Bxc3 10. bxc3 Nd7 11. g4 Bg6 12. Bg5 f6 13. Be3 Re8 14. Nh4 Nf8 15. Qf3 Ne6 16. Nf5 c5 17. h4 b6 18. Rg1 Rf8 19. Qg3 Qd7 20. Rad1 Rae8 21. h5 Bf7 22. d4 cxd4 23. cxd4 exd4 24. Bxd4 Nxd4 25. Rxd4 Qc6 26. g5 Bxh5 27. gxf6 Qxf6 28. Qxg7+ Qxg7 29. Nxg7 Rxf2+ 30. Kh3 Rf3+ 31. Kh4 Rf4+ 32. Kxh5 Rexe4 33. Ne6+ 1-0

[Event "2BLO 2223 SK Göggingen - Erfurter SK"]
[Site "?"]
[Date "2023.02.26"]
[Round "8.7"]
[White "Voekler, Bernd"]
[Black "Schmittdiel, Eckhard"]
[Result "1/2-1/2"]
[WhiteElo "2337"]
[BlackElo "2398"]
[PlyCount "50"]
[EventDate "2023.??.??"]

1. e4 e6 2. d4 d5 3. Nc3 Nf6 4. e5 Nfd7 5. f4 c5 6. Nf3 Nc6 7. Be3 a6 8. Qd2 b5 9. a3 b4 10. axb4 Nxb4 11. Na4 Qc7 12. c3 cxd4 13. Nxd4 Nc6 14. Nxc6 Qxc6 15. b4 Be7 16. Bd3 O-O 17. O-O f6 18. Bd4 Bb7 19. exf6 Bxf6 20. Nc5 Nxc5 21. bxc5 Be7 22. Qe3 Rf7 23. Rab1 Bc8 24. Rb6 Qc7 25. Rf2 Bf6 1/2-1/2

[Event "2BLO 2223 SK Göggingen - Erfurter SK"]
[Site "?"]
[Date "2023.02.26"]
[Round "8.8"]
[White "Kukov, Velislav"]
[Black "Casper, Thomas"]
[Result "1/2-1/2"]
[WhiteElo "2343"]
[BlackElo "2344"]
[PlyCount "60"]
[EventDate "2023.??.??"]

1. d4 Nf6 2. Nf3 d6 3. Bf4 g6 4. e3 Bg7 5. h3 O-O 6. Be2 b6 7. O-O Bb7 8. a4 a5 9. c3 Ne4 10. Nbd2 Nxd2 11. Nxd2 e5 12. Bh2 Nd7 13. Bf3 Qc8 14. Nc4 Re8 15. Na3 Rb8 16. Nb5 Bxf3 17. Qxf3 Qb7 18. Qxb7 Rxb7 19. Rfd1 Bf8 20. dxe5 Nxe5 21. Bxe5 Rxe5 22. c4 Bg7 23. Rac1 Re7 24. b3 Kf8 25. Rd3 Rb8 26. Kf1 Ra8 27. Ke2 Rb8 28. Na7 Ra8 29. Nb5 Rb8 30. Kf1 Ra8 1/2-1/2

[Event "2BLO 2223 Nickelhütte Aue - Erfurter SK"]
[Site "?"]
[Date "2023.03.18"]
[Round "9.1"]
[White "Romanov, Evgeny"]
[Black "Slobodjan, Roman"]
[Result "1-0"]
[WhiteElo "2583"]
[BlackElo "2449"]
[PlyCount "67"]
[EventDate "2023.??.??"]

1. c4 e5 2. g3 Nc6 3. Bg2 h5 4. Nf3 g6 5. Nc3 Bg7 6. d4 Nxd4 7. Nxd4 exd4 8. Nb5 Ne7 9. Nxd4 c6 10. e4 Qb6 11. Nb3 Qb4+ 12. Bd2 Qxc4 13. Rc1 Qa4 14. O-O b6 15. Bg5 f6 16. Bf4 O-O 17. Re1 Rf7 18. Bd6 Ba6 19. f4 Bc4 20. Qd2 f5 21. e5 Bd5 22. Bf1 Nc8 23. Ba3 Bf8 24. Bxf8 Rxf8 25. Nd4 Ne7 26. Re3 c5 27. Nb5 Bc6 28. Bc4+ Kg7 29. Nc7 Rad8 30. Ra3 Qb4 31. Qe2 b5 32. Na6 Qxa3 33. bxa3 bxc4 34. Qxc4 1-0

[Event "2BLO 2223 Nickelhütte Aue - Erfurter SK"]
[Site "?"]
[Date "2023.03.18"]
[Round "9.2"]
[White "Eichner, Sebastian"]
[Black "Votava, Jan"]
[Result "1/2-1/2"]
[WhiteElo "2315"]
[BlackElo "2467"]
[PlyCount "70"]
[EventDate "2023.??.??"]

1. d4 d5 2. c4 e6 3. Nf3 Nf6 4. Nc3 c6 5. cxd5 exd5 6. Bg5 Be7 7. Qc2 g6 8. e3 Bf5 9. Bd3 Bxd3 10. Qxd3 Nbd7 11. O-O O-O 12. Rab1 a5 13. h3 Re8 14. Bf4 Bf8 15. Ne5 Nxe5 16. Bxe5 Bd6 17. Bxd6 Qxd6 18. Rfc1 Re7 19. a3 Kg7 20. Na4 Ne4 21. Nc5 f5 22. Rc2 f4 23. exf4 Nxc5 24. dxc5 Qxf4 25. Re2 Rae8 26. g3 Qf5 27. Rxe7+ Rxe7 28. Qc3+ Kf7 29. Re1 Rxe1+ 30. Qxe1 d4 31. Qxa5 Qb1+ 32. Kg2 Qe4+ 33. Kf1 Qb1+ 34. Kg2 Qe4+ 35. Kf1 Qb1+ 1/2-1/2

[Event "2BLO 2223 Nickelhütte Aue - Erfurter SK"]
[Site "?"]
[Date "2023.03.18"]
[Round "9.3"]
[White "Weishaeutel, Moritz"]
[Black "Langrock, Hannes"]
[Result "1/2-1/2"]
[WhiteElo "2440"]
[BlackElo "2358"]
[PlyCount "109"]
[EventDate "2023.??.??"]

1. d4 Nf6 2. c4 e6 3. Nc3 d5 4. cxd5 exd5 5. Bg5 Be7 6. e3 h6 7. Bh4 c6 8. Bd3 O-O 9. Nge2 Nbd7 10. O-O a5 11. Qc2 Re8 12. f3 b5 13. e4 b4 14. Na4 dxe4 15. fxe4 c5 16. dxc5 Ba6 17. Bxa6 Rxa6 18. c6 Ne5 19. c7 Qd7 20. Rad1 Rc6 21. Qb3 Qxc7 22. Nd4 Rc4 23. Nf5 Rxe4 24. Nxe7+ Qxe7 25. Bxf6 gxf6 26. Qd5 Ng4 27. Qc6 Qe5 28. g3 Ne3 29. Nc5 Nxd1 30. Nxe4 Qd4+ 31. Nf2 Re1 32. Qf3 Rxf1+ 33. Kxf1 Nxb2 34. Qa8+ Kg7 35. Qxa5 Nc4 36. Qh5 Ne5 37. Qe2 f5 38. Nh3 Qd5 39. Qb2 Qd1+ 40. Kg2 Qf3+ 41. Kg1 Qe3+ 42. Kf1 Qe4 43. Nf2 Qc4+ 44. Qe2 Qc3 45. Nd1 Qd4 46. Ne3 Qe4 47. Ng2 Nd3 48. Qd2 Qc4 49. Ne3 Qb5 50. Ke2 Ne5+ 51. Kf2 Qc5 52. Ke2 Qb5+ 53. Kf2 Qc5 54. Ke2 Qb5+ 55. Kf2 1/2-1/2

[Event "2BLO 2223 Nickelhütte Aue - Erfurter SK"]
[Site "?"]
[Date "2023.03.18"]
[Round "9.4"]
[White "Spiess, Gunter"]
[Black "Enders, Peter"]
[Result "1/2-1/2"]
[WhiteElo "2363"]
[BlackElo "2404"]
[PlyCount "56"]
[EventDate "2023.??.??"]

1. d4 g6 2. c4 Bg7 3. e4 b6 4. Nc3 Bb7 5. Nf3 d6 6. g3 Nd7 7. Bg2 e6 8. O-O Ne7 9. Be3 O-O 10. Qd2 a6 11. a4 Re8 12. Rfd1 Rb8 13. h4 d5 14. cxd5 exd5 15. exd5 Nxd5 16. Bg5 N7f6 17. Ne5 Nxc3 18. Qxc3 Bxg2 19. Kxg2 Qd5+ 20. Qf3 Qxf3+ 21. Kxf3 Nd5 22. Nc6 Ra8 23. Re1 Rxe1 24. Rxe1 f6 25. Bf4 Bf8 26. Bd2 Kf7 27. Re2 Bd6 28. Re1 h5 1/2-1/2

[Event "2BLO 2223 Nickelhütte Aue - Erfurter SK"]
[Site "?"]
[Date "2023.03.18"]
[Round "9.5"]
[White "Mueller, Matthias"]
[Black "Wichmann, Cliff"]
[Result "1/2-1/2"]
[WhiteElo "2375"]
[BlackElo "2299"]
[PlyCount "53"]
[EventDate "2023.??.??"]

1. e4 e6 2. d4 d5 3. Nc3 Nf6 4. e5 Nfd7 5. f4 c5 6. Nf3 Nc6 7. Be3 Be7 8. Qd2 O-O 9. Be2 b6 10. Nd1 cxd4 11. Nxd4 Nxd4 12. Bxd4 Nc5 13. Nf2 Qc7 14. O-O Ne4 15. Nxe4 dxe4 16. c3 f5 17. exf6 Bxf6 18. Rad1 Bb7 19. Qe3 Rad8 20. Qh3 Bxd4+ 21. Rxd4 Rf6 22. Rxd8+ Qxd8 23. Qe3 Qc7 24. g3 e5 25. fxe5 Qxe5 26. Rd1 Rd6 27. Rxd6 1/2-1/2

[Event "2BLO 2223 Nickelhütte Aue - Erfurter SK"]
[Site "?"]
[Date "2023.03.18"]
[Round "9.6"]
[White "Pulpan, Jakub"]
[Black "Voekler, Bernd"]
[Result "1-0"]
[WhiteElo "2410"]
[BlackElo "2328"]
[PlyCount "49"]
[EventDate "2023.??.??"]

1. Nf3 c5 2. e3 g6 3. c4 Bg7 4. Nc3 Nf6 5. Be2 O-O 6. O-O d5 7. cxd5 Nxd5 8. Qb3 Nb6 9. Qa3 Na6 10. Bxa6 bxa6 11. Qxc5 Bb7 12. e4 f5 13. Qe3 Rc8 14. d3 f4 15. Qe2 e5 16. Rd1 Rc7 17. a4 a5 18. Nb5 Rd7 19. Bd2 Rxd3 20. Bb4 Rxd1+ 21. Rxd1 Qb8 22. Bd6 Qe8 23. Bxf8 Bxf8 24. Qc2 Qe6 25. Qc7 1-0

[Event "2BLO 2223 Nickelhütte Aue - Erfurter SK"]
[Site "?"]
[Date "2023.03.18"]
[Round "9.7"]
[White "Brueggemann, Joachim"]
[Black "Cerveny, Martin"]
[Result "0-1"]
[WhiteElo "2291"]
[BlackElo "2405"]
[PlyCount "60"]
[EventDate "2023.??.??"]

1. e4 c5 2. Nf3 d6 3. d4 cxd4 4. Nxd4 Nf6 5. Nc3 a6 6. Be3 e5 7. Nb3 Be6 8. f3 Nbd7 9. Qd2 Rc8 10. g4 Nb6 11. g5 Nh5 12. Na5 Qc7 13. Nd5 Nxd5 14. exd5 Bf5 15. c4 Be7 16. b4 O-O 17. Bd3 Bxd3 18. Qxd3 Nf4 19. Bxf4 exf4 20. h4 Qd7 21. Rc1 Bd8 22. Nb3 Re8+ 23. Kf2 Bb6+ 24. c5 Ba7 25. Rc4 a5 26. bxa5 dxc5 27. Qd2 Re3 28. Rxf4 c4 29. Nd4 Rd3 30. Qb2 Qxd5 0-1

[Event "2BLO 2223 Nickelhütte Aue - Erfurter SK"]
[Site "?"]
[Date "2023.03.18"]
[Round "9.8"]
[White "Cerveny, Petr"]
[Black "Casper, Thomas"]
[Result "0-1"]
[WhiteElo "2314"]
[BlackElo "2345"]
[PlyCount "66"]
[EventDate "2023.??.??"]

1. e4 e6 2. d4 d5 3. Nc3 Bb4 4. e5 Ne7 5. a3 Bxc3+ 6. bxc3 c5 7. Qg4 O-O 8. Bd3 f5 9. exf6 Rxf6 10. Bg5 Rf7 11. Qh4 h6 12. Bd2 Nbc6 13. Nf3 Qf8 14. O-O Nf5 15. Qh5 c4 16. Be2 Nd6 17. Nh4 Ne4 18. Be1 Nf6 19. Qg6 Ne7 20. Qg3 g5 21. f4 Ne4 22. Qg4 e5 23. f5 exd4 24. cxd4 Qg7 25. Nf3 Bxf5 26. Qh5 Nf6 27. Qxf7+ Qxf7 28. Ne5 Qe6 29. Bb4 Nc6 30. Rae1 Nxe5 31. dxe5 Ne4 32. Bh5 Qb6+ 33. Kh1 Nf2+ 0-1

[Event "2BLO 2223 SG Leipzig  - SC NT Nürnberg"]
[Site "?"]
[Date "2023.03.18"]
[Round "9.1"]
[White "Milov, Leonid"]
[Black "Richter, Leonard"]
[Result "1-0"]
[WhiteElo "2425"]
[BlackElo "2208"]
[PlyCount "65"]
[EventDate "2023.??.??"]

1. e4 c5 2. Nf3 Nc6 3. Bb5 d6 4. O-O Bd7 5. Re1 Nf6 6. c3 a6 7. Bf1 Bg4 8. h3 Bh5 9. d3 e6 10. Nbd2 Be7 11. g4 Bg6 12. Nh2 h5 13. g5 Nd7 14. f4 h4 15. Ndf3 f6 16. d4 cxd4 17. cxd4 Qb6 18. Kh1 Rc8 19. a3 Na5 20. b4 Nc4 21. f5 Bh5 22. fxe6 Nf8 23. Qb3 Nxe6 24. Bxc4 Nxd4 25. Nxd4 Qxd4 26. Be6 Qxa1 27. Bxc8 fxg5 28. Qb2 Qxb2 29. Bxb2 O-O 30. Bxb7 Rf2 31. Bd4 Rd2 32. Be3 Ra2 33. Bd5+ 1-0

[Event "2BLO 2223 SG Leipzig  - SC NT Nürnberg"]
[Site "?"]
[Date "2023.03.18"]
[Round "9.2"]
[White "Nguyen, Alex Dac-Vuong"]
[Black "Yelisieiev, Yevhenii"]
[Result "1-0"]
[WhiteElo "2332"]
[BlackElo "2404"]
[PlyCount "111"]
[EventDate "2023.??.??"]

1. e4 d6 2. d4 Nf6 3. Nc3 e5 4. dxe5 dxe5 5. Qxd8+ Kxd8 6. Bc4 Ke8 7. Nf3 Bd6 8. h3 a6 9. Be3 b5 10. Bd3 Bb7 11. Nd2 Nbd7 12. a4 b4 13. Nd1 Nc5 14. f3 Nh5 15. Nc4 Nxd3+ 16. cxd3 Nf4 17. Bxf4 exf4 18. d4 Be7 19. Nf2 Rd8 20. O-O-O f5 21. Rhe1 Rf8 22. Ne5 Rf6 23. Kc2 Kf8 24. Kb3 fxe4 25. fxe4 a5 26. d5 h5 27. Nfd3 Kg8 28. Rc1 Bd6 29. Nc4 f3 30. e5 Bxe5 31. Ncxe5 Bxd5+ 32. Kc2 f2 33. Rf1 Be4 34. Rcd1 c5 35. Rd2 c4 36. Nxc4 Rxd3 37. Rxd3 Bxg2 38. Ne3 Bxh3 39. Rh1 f1=Q 40. Nxf1 Bxf1 41. Rd8+ Kf7 42. Rxh5 Rf2+ 43. Rd2 Rf3 44. Rd7+ Kf6 45. Rxa5 Bh3 46. Rd6+ Kf7 47. Rb6 b3+ 48. Kd2 Rf2+ 49. Kc3 Rf3+ 50. Kb4 Re3 51. Ra7+ Kg8 52. Rg6 Re4+ 53. Ka3 Be6 54. Re7 Bf7 55. Rxg7+ Kxg7 56. Rxe4 1-0

[Event "2BLO 2223 SG Leipzig  - SC NT Nürnberg"]
[Site "?"]
[Date "2023.03.18"]
[Round "9.3"]
[White "Kirchner, Thomas"]
[Black "Natsidis, Christoph"]
[Result "1/2-1/2"]
[WhiteElo "2308"]
[BlackElo "2350"]
[PlyCount "73"]
[EventDate "2023.??.??"]

1. e4 c5 2. Nf3 e6 3. d4 cxd4 4. Nxd4 a6 5. c4 Nf6 6. Nc3 Bb4 7. Qd3 d5 8. exd5 exd5 9. Be2 O-O 10. O-O Nc6 11. Nxd5 Nxd5 12. Nxc6 bxc6 13. cxd5 Qxd5 14. Qxd5 cxd5 15. Be3 Be6 16. Bd4 Be7 17. Rfd1 Rfb8 18. Rac1 Bf6 19. Bxf6 gxf6 20. b3 a5 21. Rd4 Rb4 22. Rcd1 Rc8 23. Rxb4 axb4 24. Kf1 Rc2 25. Ke1 Rxa2 26. Rd4 Rb2 27. Rxb4 d4 28. Rxd4 Rxb3 29. Bd3 Kg7 30. Kd2 Ra3 31. Rh4 h6 32. Rf4 Ra2+ 33. Ke3 Ra3 34. Kd2 Ra2+ 35. Ke3 Ra3 36. Ke4 Ra4+ 37. Ke3 1/2-1/2

[Event "2BLO 2223 SG Leipzig  - SC NT Nürnberg"]
[Site "?"]
[Date "2023.03.18"]
[Round "9.4"]
[White "Roesemann, Rainer"]
[Black "Promyshlyanskiy, Vitaliy"]
[Result "0-1"]
[WhiteElo "2274"]
[BlackElo "2272"]
[PlyCount "112"]
[EventDate "2023.??.??"]

1. c4 e5 2. g3 Nc6 3. Bg2 f5 4. Nc3 Nf6 5. d3 Bb4 6. Bd2 O-O 7. a3 Bxc3 8. Bxc3 d6 9. b4 Qe8 10. b5 Nd8 11. Nf3 Qh5 12. Nd2 f4 13. c5 dxc5 14. Nf3 Nf7 15. Qb3 Bg4 16. h3 Bxf3 17. Bxf3 Qg5 18. g4 Nd7 19. Bxb7 Rad8 20. Bf3 Kh8 21. Ba5 e4 22. Bxe4 f3 23. e3 Nb6 24. Rc1 Ne5 25. Qc2 Qh4 26. Qxc5 Nxg4 27. Rc2 Nd7 28. Qxa7 Nde5 29. Bc3 Nxd3+ 30. Bxd3 Rxd3 31. Qxc7 Rxe3+ 32. Kd1 Rxc3 33. Qxc3 Nxf2+ 34. Rxf2 Qxf2 35. Qd3 Qh4 36. Kc2 f2 37. Rf1 Rc8+ 38. Kb3 Qf4 39. a4 Re8 40. Qc2 Qf3+ 41. Kb4 Qf8+ 42. Kb3 Re3+ 43. Kc4 Qc8+ 44. Kd4 Qxc2 45. Kxe3 Qxa4 46. Rxf2 Kg8 47. Rf5 Qb3+ 48. Kd4 Qb4+ 49. Ke3 g6 50. Rd5 h5 51. Kd3 Kf7 52. Re5 Kf6 53. Rd5 g5 54. Ke3 Qc3+ 55. Ke4 Qc4+ 56. Rd4 Qe2+ 0-1

[Event "2BLO 2223 SG Leipzig  - SC NT Nürnberg"]
[Site "?"]
[Date "2023.03.18"]
[Round "9.5"]
[White "Mischustov, Michael"]
[Black "Kalkhof, Stefan"]
[Result "0-1"]
[WhiteElo "2310"]
[BlackElo "2214"]
[PlyCount "94"]
[EventDate "2023.??.??"]

1. e4 d6 2. d4 Nf6 3. Nc3 e5 4. Nf3 Nbd7 5. g3 Be7 6. Bg2 O-O 7. O-O c6 8. a4 Re8 9. Re1 Bf8 10. h3 a5 11. b3 Rb8 12. Bb2 Qc7 13. Qd2 h6 14. Nh4 Kh7 15. Kh2 Qb6 16. Nd1 Qd8 17. Nf3 Qc7 18. Bc3 b6 19. Nb2 exd4 20. Nxd4 Nc5 21. e5 Rxe5 22. Nxc6 Nfe4 23. Bxe4+ Nxe4 24. Qd3 Bf5 25. Bxe5 Qxc6 26. Bd4 Ng5 27. Qxf5+ g6 28. Qf6 Nf3+ 29. Kg2 Nxd4+ 30. f3 Qxc2+ 31. Kf1 Bg7 32. Qxd6 Rc8 33. Nc4 Rxc4 34. bxc4 Qxc4+ 35. Kg1 Nxf3+ 36. Kg2 Nxe1+ 37. Rxe1 Qc2+ 38. Kf3 Qxa4 39. Qxb6 Qd7 40. h4 Qd5+ 41. Ke2 Bd4 42. Qa6 Qe4+ 43. Kd1 Qb1+ 44. Kd2 Bc3+ 45. Kxc3 Qxe1+ 46. Kb2 Qe5+ 47. Ka2 Qe6+ 0-1

[Event "2BLO 2223 SG Leipzig  - SC NT Nürnberg"]
[Site "?"]
[Date "2023.03.18"]
[Round "9.6"]
[White "Haufe, Laurin"]
[Black "Kabatianski, Alexander"]
[Result "1-0"]
[WhiteElo "2177"]
[BlackElo "2352"]
[PlyCount "67"]
[EventDate "2023.??.??"]

1. e4 e6 2. d4 d5 3. Nc3 Nf6 4. e5 Nfd7 5. f4 c5 6. Nf3 Nc6 7. Be3 Be7 8. Qd2 a6 9. dxc5 Nxc5 10. h4 Qa5 11. O-O-O b5 12. Kb1 Bb7 13. h5 b4 14. Ne2 Ne4 15. Qe1 O-O 16. Ned4 Qc7 17. g4 Nxd4 18. Nxd4 Bc5 19. Bd3 Qb6 20. Bxe4 dxe4 21. h6 g6 22. Qh4 Qd8 23. Qf2 Qc7 24. Nf5 Bxe3 25. Nxe3 f6 26. exf6 Rxf6 27. Rhf1 Raf8 28. f5 exf5 29. gxf5 gxf5 30. Nxf5 Rg6 31. Qd4 a5 32. Nh4 Rxf1 33. Rxf1 Qd6 34. Nxg6 1-0